Proceedings of the 7th Symposium of the Hellenic Society for Archaeometry

محفوظ في:

مؤلفون آخرون: Filippaki, Eleni (المحرر)

التنسيق: كتاب

منشور في: Oxford Archaeopress Publishing Ltd 2024

الوسوم: إضافة وسم

لا توجد وسوم, كن أول من يضع وسما على هذه التسجيلة!

رقم الطلب:

LEADER 00664namaa2200169 4500
001 9781803277325
003 UkOxAP
005 20241119153032.0
020 |a 9781803277332 
776 1 |x 9781803277325 
245 0 0 |a Proceedings of the 7th Symposium of the Hellenic Society for Archaeometry 
100 1 |a Filippaki, Eleni  |e Editor  |l English 
856 4 2 |a http://library.arce.org:8087/Archaeopress/Products/9781803277332 
260 |a Oxford  |b Archaeopress Publishing Ltd  |c 2024 
270 |a Archaeopress Publishing Ltd, Summertown Pavillion, 18 -24 Middle Way, Summertown  |b Oxford  |d United Kingdom  |e OX2 7LG  |k 44-1865-311914  |m info@archaeopress.com 
942 |2 lcc  |c EBOOK 
999 |c 59918  |d 59918